|
|
|
|
| LEADER |
00000nam a2200000 a 4500 |
| 001 |
vtls011901060 |
| 003 |
SK-MaSNL |
| 005 |
20260301102510.0 |
| 008 |
251112s1556 fr f 010 0 lat |
| 015 |
|
|
|a SNBHFA
|
| 035 |
|
|
|a urn:nbn:sk:snk-am00iijw
|
| 035 |
|
|
|a 1CD8722C-22C6-4C2C-9118-7A063B446A74
|
| 040 |
|
|
|a SNKHFA
|b slo
|c SNKHFA
|e AACR2
|
| 041 |
|
|
|a lat
|
| 044 |
|
|
|a fr
|c FR
|
| 072 |
|
7 |
|a 34
|x Právo
|2 konspekt
|
| 080 |
|
|
|a 340.15
|2 2011
|
| 100 |
1 |
|
|a Del Maino, Giasone,
|d 1435-1519
|4 aut
|4 dto
|4 aui
|9 127312
|
| 245 |
1 |
0 |
|a Iasonis Mayni Prima Super Codice, cum additionibus Ioan. Francisci Purpurati
|
| 260 |
|
|
|a Lvgdvni
|b excudebat Thomas Bertellus
|c M. D. LVI. [=1556]
|
| 300 |
|
|
|a 207 listov
|c fol.
|c 41 cm
|
| 500 |
|
|
|a Signet, iniciálky s ornamentálnym a figurálnym pozadím v rámčeku na 3, 5, 7 a 8 riadkov, titulný list červeno-čiernou tlačou v drevorezovom portálovom ráme s ornamentálnou a figurálnou výzdobou, rubriky, typografické ozdoby
|
| 504 |
|
|
|a Text radený do dvoch stĺpcov, marginálie, kustody
|
| 508 |
|
|
|a Predslov autora; Dedikácia: Sforza, Lodovico; Del Maino, Giasone
|
| 510 |
4 |
|
|a SUDOC 166626465
|
| 546 |
|
|
|a Latinčina
|b Kurzíva
|b Antiqua
|b Fraktúra
|
| 550 |
|
|
|a Tlačiar doplnený z kolofónu
|
| 561 |
|
|
|a Z knižnice františkánov Bratislava.
|5 SNK IA 1085/1
|
| 561 |
|
|
|a Proveniencia: Conventus Posoniensis Fratrum Minorum.
|5 SNK IA 1085/1
|
| 562 |
|
|
|a Rukopisné poznámky v latinčine.
|5 SNK IA 1085/1
|
| 563 |
|
|
|a Väzba: svetložltý hladký pergamen, chrbát perfarbený dočervena, stopy po šnúrkach, na chrbte nalepený štítok s nápisom: Iasonis Mayni Prima super Codice VII..
|5 SNK IA 1085/1
|
| 650 |
0 |
7 |
|a rímske právo
|2 SNKPH
|9 983
|
| 700 |
1 |
|
|a Bertellus, Thomas
|4 prt
|9 438355
|
| 700 |
1 |
|
|a Sforza, Lodovico,
|d 1452-1508
|4 hnr
|9 195910
|
| 700 |
1 |
|
|a Porporato, Giovanni Francesco,
|d 1485-1544
|4 cwt
|9 129902
|
| 710 |
1 |
|
|a Františkáni (Bratislava, Slovensko)
|4 fmo
|9 281881
|
| 710 |
0 |
|
|a Bertellus, Thomas (Lyon, Francúzsko)
|4 prt
|9 438356
|
| 752 |
|
|
|a Francúzsko
|d Lyon
|
| 852 |
|
|
|a Slovenská národná knižnica
|b Historické fondy
|
| 852 |
|
|
|a snk
|b Františkáni Bratislava
|p IA 1085/1
|
| 958 |
|
|
|a DA
|
| 958 |
|
|
|a ONDV
|
| 999 |
|
|
|c 692349
|d 694279
|
| 952 |
|
|
|t Fr Ba 3849
|a SNK
|b SNK
|c SNK_HF
|y PREZ
|7 0
|p 17A1357421
|o snkIA 1085/1
|i snk2019/29679
|8 5
|0 0
|1 0
|4 0
|d 2019-11-18
|f 1
|l 0
|r 2026-02-23 20:31:23
|w 2026-02-23
|